000 00681nam a2200205Ia 4500
003 GCL
008 140319s9999 xx 000 0 ara d
040 _aGCL /
_cGCL
082 0 4 _a621.314
_bم م
100 1 _aمصطفى سليمان دليلة
245 1 0 _aالمحولات الكهربائية : نظريتها حسابها صيانتها واستثمارها /
_cمصطفى سليمان دليلة
260 _a[S.N] :
_bجامعة التحدى
300 _a454 ص
490 _a
650 0 4 _aالكهرباء
650 0 4 _aالمغناطيسية
650 0 4 _aالمحولات الكهربية
650 0 4 _aالدوائر الكهربائية
942 _2ddc
_cBK
999 _c53115
_d53115